ARRUPE JESUIT UNIVERSITY

CORONAVIRUS -STOP THE SPREAD - CLEAN,DISINFECT,COVER

Epistémologie / (Record no. 130927)

MARC details
000 -LEADER
fixed length control field 00836nam a2200265 a 4500
001 - CONTROL NUMBER
control field 1568105
003 - CONTROL NUMBER IDENTIFIER
control field ARRUPE
005 - DATE AND TIME OF LATEST TRANSACTION
control field 20211019101927.0
008 - FIXED-LENGTH DATA ELEMENTS--GENERAL INFORMATION
fixed length control field 920527s1989 fr b 000 0 fre
010 ## - LIBRARY OF CONGRESS CONTROL NUMBER
LC control number 92165914
020 ## - INTERNATIONAL STANDARD BOOK NUMBER
International Standard Book Number 2738100562 :
Terms of availability 180F
040 ## - CATALOGING SOURCE
Original cataloging agency DLC
Transcribing agency DLC
050 00 - LIBRARY OF CONGRESS CALL NUMBER
Classification number BD162
Item number .E75 1989
082 00 - DEWEY DECIMAL CLASSIFICATION NUMBER
Classification number 121
Edition number 20
300 ## - PHYSICAL DESCRIPTION
Dimensions 24 cm
245 00 - TITLE STATEMENT
Title Epistémologie /
Statement of responsibility, etc sous la direction de Pierre Jacob.
260 ## - PUBLICATION, DISTRIBUTION, ETC. (IMPRINT)
Place of publication, distribution, etc Paris :
Name of publisher, distributor, etc Editions O. Jacob,
Date of publication, distribution, etc c1989.
300 ## - PHYSICAL DESCRIPTION
Extent 335 p ;
440 #2 - SERIES STATEMENT/ADDED ENTRY--TITLE
Title L'Age de la science ;
Volume number/sequential designation 2
9 (RLIN) 50561
504 ## - BIBLIOGRAPHY, ETC. NOTE
Bibliography, etc Includes bibliographical references.
650 #0 - SUBJECT ADDED ENTRY--TOPICAL TERM
Topical term or geographic name as entry element Knowledge, Theory of.
700 1# - ADDED ENTRY--PERSONAL NAME
Personal name Jacob, Pierre,
Dates associated with a name 1949-
9 (RLIN) 14652
906 ## - LOCAL DATA ELEMENT F, LDF (RLIN)
a 7
b cbc
c orignew
d 3
e ncip
f 19
g y-gencatlg
942 ## - ADDED ENTRY ELEMENTS (KOHA)
Source of classification or shelving scheme Library of Congress Classification
Koha item type Monograph ( Printed materials)
Holdings
Withdrawn status Lost status Source of classification or shelving scheme Damaged status Not for loan Collection code Home library Current library Shelving location Date acquired Total Checkouts Full call number Barcode Date last seen Price effective from Koha item type
    Library of Congress Classification     Main Collection ARRUPE LIBRARY ARRUPE LIBRARY Main Collection 19/10/2021   BD162 .E75 1989 46600006885 19/10/2021 19/10/2021 Monograph ( Printed materials)

 

Arrupe Library. PO Box MP320 Mt Pleasant, Harare, Zimbabwe
263 242 745411|librarian@aju.ac.zw